000 00452nam a2200145Ia 4500
008 230917s9999||||xx |||||||||||||| ||und||
040 _e104587
_aMAIN
041 _aEnglish
082 _a954.5 G875R
100 _aGriffin, Lepel H
245 0 _aRajas of the punjab: being the history of the principal states in the punjab and their political relations with british
260 _aDelhi
_bLow Price Publication
_c2000
300 _a661p p.
942 _cBK
999 _c78555
_d78555